عرض عادي
عرض مارك
- Palomar, Daniel P.
مدخل إسم شخص
001 - رقم الضبط
- حقل الضبط: 12153
003 - معرف رقم الضبط
- حقل الضبط: OSt
005 - تاريخ ووقت أخر عملية
- حقل الضبط: 20120429004442.0
008 - عناصر بيانات ثابتة الطول
- حقل تحكم ثابت الطول: 120429|||a|||||| | ||| d
040 ## - مصدر الفهرسة
- هيئة الفهرسة الأصلية: OSt
- وكالة الكتابة: OSt
100 ## - مدخل -- أسم شخص
- إسم شخص: Palomar, Daniel P.
670 ## - بيانات المصدر موجوده
- الاستشهاد بالمصدر: Work cat.: (OSt)24188: Convex optimization in signal processing and communications /, 2010.
